| 000 | 01334nam a22002895i 4500 | ||
|---|---|---|---|
| 001 | 162031 | ||
| 003 | ES-MaACL | ||
| 005 | 20250716000608.0 | ||
| 008 | 940301s1880 sp |||| | spa d | ||
| 040 |
_bspa _cES-MaACL |
||
| 080 | _a323.172 | ||
| 080 | _a929 Pi y Margall, Francisco | ||
| 100 | 1 |
_aPi y Margall, Francisco, _d1824-1901 _991732 _eaut |
|
| 245 | 1 | 3 |
_aLa federación : _bdiscurso pronunciado ante el Tribunal de Imprenta en defensa del periódico federalista La Unión, y otros trabajos acerca del sistema federativo / _cFrancisco Pi y Margall ; precedidos de una noticia biográfica del autor por Pablo Correa y Zafrilla. |
| 260 |
_aMadrid : _b[s.n.], _c1880 _f(Imp. de Enrique Vicente) |
||
| 300 |
_aXVI, 222 páginas : _b1 retrato ; _c18 cm. |
||
| 530 | _aDisponible en formato digital | ||
| 600 | 1 | 4 |
_991732 _aPi y Margall, Francisco, _d1824-1901 |
| 650 | 4 |
_aFederalismo _912738 |
|
| 700 | 0 |
_aCorrea y Zafrilla, Pablo. _940761 _eaui |
|
| 852 |
_aES-MaACL _cDEPO2 _jG-1392 _xTela |
||
| 852 |
_aES-MaACL _cDEPOF _jT-344-F-3 _qFalto de cub. original _xHolandesa _xEnc. en un vol. facticio |
||
| 856 |
_uhttp://bdh-rd.bne.es/viewer.vm?id=0000287954&page=1 _yVersión en línea _z(Biblioteca Digital Hispánica) |
||
| 942 |
_cMONANT _n0 |
||
| 999 |
_c162031 _d162031 |
||